000 01188nam a2200313 i 4500
001 000022535
003 DO-SdBNP
005 20240424115247.0
006 a||||gr|||| 00| 0
007 ta
008 101013e2006 xxu 000 0 spa d
020 _z09765697090000
040 _aDO-SdBNP
_bspa
_cBNPHU
_drda
041 1 7 _aspa
_2eng
082 4 _222
_bR311d
245 0 0 _aRecuerdos de una inmigración = Memories of an immigration:
_btestimonios de niñas y niños inmigrantes dominicanos = testimonies of domincan inmigrant children. /
_ccompiladora, Mary Ely Peña - Gratereaux ; edición y traducción, Juleyka Lantigua.
246 1 0 _aMemories of an immigration:
_btestimonies of domincan inmigrant children /
250 _a3a edición
264 1 _aNew York :
_bEdiciones Cayenas,
_c2006
300 _a87 páginas ;
_c23 cm.
336 _2rdacontent
_atexto
_btxt
337 _2rdamedia
_asinmediación
_bn
338 _2rdacarrier
_avolumen
_bnc
546 _aLibro en español e inglés.
590 _aInventariado 2023 / MF
700 1 _aPeña-Gratereaux, Mary Ely,
_ecomplición
_946390
700 1 _aLantigua, Juleyka,
_eedición y traducción
_946391
942 _2ddc
_cLBS1
999 _c22032
_d22032